000
00317nam a22001337a 4500
003
SGT
020
_a
9789395039062
082
_a
543.8
_b
BIR
100
_a
BIRAJDAR ARUNADEVI S
245
_a
BASIC PRINCIPLES OF CHROMATOGRAPHY AND HPLC
260
_a
INDIA
_b
PHARMAMED PUB
_c
2023
300
_a
122
942
_2
ddc
_c
BK
999
_c
34444
_d
34444